ஹமாஸ் ஓர் அறிமுகம்/
Saved in:
| Main Author: | |
|---|---|
| Format: | Book |
| Language: | English Tamil |
| Published: |
சென்னை:
எழுத்து பிரசுரம்,
2022
|
| Subjects: | |
| Tags: |
Add Tag
No Tags, Be the first to tag this record!
|
MARC
| LEADER | 00000nam a22000007a 4500 | ||
|---|---|---|---|
| 005 | 20260411145532.0 | ||
| 008 | 260411b |||||||| |||| 00| 0 eng d | ||
| 020 | |a 9789393882677 | ||
| 041 | |a tam |h tam | ||
| 082 | |a 956.94 |b ராகவ | ||
| 100 | |a ராகவன்,பா. |9 45127 | ||
| 245 | |a ஹமாஸ் ஓர் அறிமுகம்/ |c பா. ராகவன் | ||
| 260 | |a சென்னை: |b எழுத்து பிரசுரம், |c 2022 | ||
| 300 | |a 151p.: |b ; |c 18.cm | ||
| 500 | |a Purchased | ||
| 650 | |a இஸ்ரேல் மற்றும் பாலஸ்தீனம் |9 117300 | ||
| 942 | |c BK | ||
| 999 | |c 71325 |d 71325 | ||